00623nam a2200193Ia 4500001000700000003000500007005001700012008004100029010001100070040000900081100002800090245013300118260006700251300000900318650002400327650002300351700002600374700002900400Para_3CHAP20221010132538.0220125s1981 xx 000 0 und d a198570 cCHAP aMontes Parra, Margarito aAnálisis crítico de la ley de fomento agropecuarío /c por Margarito Montes Parra, Rodolfo Sandoval y Ana María López aChapingo, Méx. :b UACh, Departamento de Sociología Rural a1 v. aAgriculturaxLeyes  aGanaderíaxLeyes aI. Sandoval, Rodolfo  aII. López, Ana María